| 000 | 00565nam a2200181Ia 4500 | ||
|---|---|---|---|
| 008 | 100920s9999 xx 000 0 und d | ||
| 082 |
_b47515 _a--- थ 84 |
||
| 100 | _aआठल्ये अनिल त्र्यं. | ||
| 245 | _aबाहुलं. | ||
| 260 |
_bगुलमोहर पब्लिकेशन, सातारा. _c1984 |
||
| 300 |
_a203 _bसाधी |
||
| 365 | _b32 | ||
| 520 | _aकादंबरी. | ||
| 630 | _aबाहुलं. | ||
| 650 | _aकादंबरी. | ||
| 730 | _aबाहुलं. | ||
| 942 | _cBOOK | ||
| 999 |
_c694833 _d694830 |
||